| 000 | 00401nam a22001217a 4500 | ||
|---|---|---|---|
| 082 | _aTHE 200 | ||
| 100 |
_aNADEEM IQBAL _947573 |
||
| 245 | _aTH-SOF-0737-A DISTRIBUTED ARITHMETIC BASED IMPLEMENTATION OF ADAPTIVE FILTER AND DESIGN ANALYSIS | ||
| 260 |
_aNUST COLLEGE OF EME _bISLAMABAD _c2001 |
||
| 650 |
_aMS-COMPUTER ENGINEERING-57 MSTHESIS _972779 |
||
| 700 |
_a DR SHOAB A KHAN _918474 |
||
| 942 | _cCF | ||
| 999 |
_c578756 _d578756 |
||